Sport par lettre - F - Statistiques

Statistiques générales
  • Ce quiz a été pris 134 fois
  • Le résultat moyen est 13 sur 20
Statistiques - réponses
Hint Réponse % Correct
Tennisman suisse Roger Federer
99%
Au tennis, comme au badminton, il sépare le terrain en deux Filet
96%
Prénom d'un prodige français du tennis de table Félix
88%
Gianni Infantino en est le président FIFA
88%
L'une des trois armes en escrime Fleuret
84%
Seul homme à avoir remporté 7 fois le classement général de la coupe du monde de biathlon Martin Fourcade
83%
Ce pays a remporté les deux premiers titre olympiques masculins de rugby à VII Fidji
81%
Sport de Tom Brady Football américain
73%
Acrobate qui évolue sur une corde tendue à une certaine hauteur Funambule
73%
"Darts" en anglais Fléchettes
65%
Grand club multisport d'Istanbul Fenerbahce
64%
L'institution précédente s'occupe du football, du beach soccer et du ... Futsal
64%
Il détient le record du plus grand nombre de buts lors d'une édition de la coupe du monde Just Fontaine
62%
Club de football de Rotterdam Feyenoord
58%
Elle marque le dernier kilomètre d'une course cycliste Flamme rouge
54%
A disques ou à patins Frein
50%
Elle était l'équivalent féminin de la Coupe Davis Fed Cup
37%
A gagné le tour de France et la médaille d'or en VTT aux JO de Paris Pauline Ferrand-Prévot
37%
Classique ardennaise sur laquelle Alejandro Valverde est le coureur le plus titré Fléche Wallonne
32%
Aux JO de Londres et Rio, il réalise le doublé 5000m-10 000m Mo Farah
27%
Aucun quiz correspondant
Distribution des résultats
% des personnes avec chaque résultat
Percentile par nombre de réponses
Votre historique - résultats
Vous n’avez pas pris ce quiz